Stratégie nadnárodných spoločností na čínskom maloobchodnom trhu
Vybrané charakteristiky čínskeho maloobchodného trhu. Podiel jednotlivých obchodných formátov na čínskom trhu za roky 2010 až 2014. Distribúcia maloobchodných tržieb na čínskom trhu v rokoch 2011 až 2014. Ročný rast tržieb dominantných maloobchodníkov na čínskom trhu. Štruktúra vlastníctva a forma v...
Uložené v:
| Hlavný autor: | |
|---|---|
| Ďalší autori: | |
| Médium: | Kapitola |
| Jazyk: | Slovak |
| Predmet: | |
| Tagy: |
Žiadne tagy, Buďte prvý, kto otaguje tento záznam!
|
MARC
| LEADER | 00000nla a2200000 4500 | ||
|---|---|---|---|
| 001 | 0207431 | ||
| 005 | 20240502073441.0 | ||
| 041 | 0 | |a slo | |
| 044 | |a SK | ||
| 245 | 1 | 0 | |a Stratégie nadnárodných spoločností na čínskom maloobchodnom trhu |c Janka Pásztorová, Michaela Královičová |
| 520 | |a Vybrané charakteristiky čínskeho maloobchodného trhu. Podiel jednotlivých obchodných formátov na čínskom trhu za roky 2010 až 2014. Distribúcia maloobchodných tržieb na čínskom trhu v rokoch 2011 až 2014. Ročný rast tržieb dominantných maloobchodníkov na čínskom trhu. Štruktúra vlastníctva a forma vstupu nadnárodných reťazcov na a čínsky trh. Špecifiká nákupného správania čínskych zákazníkov. | ||
| 610 | 2 | 0 | |a maloobchod |
| 610 | 2 | 0 | |a tržby |
| 610 | 2 | 0 | |a Čína |
| 610 | 2 | 0 | |a spoločnosti nadnárodné |
| 610 | 2 | 0 | |a reťazce obchodné |
| 610 | 2 | 0 | |a joint ventures |
| 610 | 2 | 0 | |a správanie spotrebiteľa |
| 100 | 1 | |a Pásztorová, Janka, 1960- | |
| 700 | 1 | |a Královičová, Michaela | |